Les plus grandes villes de France - Statistiques

Statistiques générales
  • Ce quiz a été pris 264 fois
  • Le résultat moyen est 19 sur 25
Statistiques - réponses
Hint Réponse % Correct
506 000 habitants Lyon
100%
2 220 000 habitants Paris
100%
858 000 habitants Marseille
99%
233 000 habitants Lille
97%
344 000 habitants Nice
97%
466 000 habitants Toulouse
97%
298 000 habitants Nantes
95%
276 000 habitants Strasbourg
95%
213 000 habitants Rennes
89%
275 000 habitants Montpellier
86%
160 00 habitants Grenoble
82%
165 000 habitants Toulon
81%
153 075 habitants Dijon
80%
139 000 habitants Brest
75%
183 000 habitants Reims
74%
170 000 habitants Saint-Etienne
74%
173 000 habitants Le Havre
73%
151 000 habitants Angers
67%
151 056 habitants Nîmes
63%
246 000 habitants Bordeaux
57%
141 000 habitants Clermont-Ferrand
57%
148 000 habitants Villeurbanne
52%
143 000 habitants Le Mans
46%
142 000 habitants Aix-en-Provence
35%
145 000 habitants Saint-Denis (La Réunion)
2%
Aucun quiz correspondant
Distribution des résultats
% des personnes avec chaque résultat
Percentile par nombre de réponses
Votre historique - résultats
Vous n’avez pas pris ce quiz